01330nam a2200337 a 4500001001100000003000800011006001900019007001500038008004100053010001700094015001500111016001900126020001800145020002100163040002100184035002100205050002700226082001800253100002000271245018600291260005000477300001100527504005100538533015200589650004300741655002900784700002400813710001700837856012500854999001300979ebr5004047CaPaEBRm u cr cn|||||||||020617s2000 enk sb 001 0 eng  z 99042609  aGBA2-396447 a185302824x2Uk z9781846422263 z185302824X(pbk.) aCaPaEBRcCaPaEBR a(OCoLC)22804017714aRC489.A7bM3443 2000eb04a615.851562211 aMakin, Susan R.10aTherapeutic art directives and resourcesh[electronic resource] :bactivities and initiatives for individuals and groups /cSusan R. Makin ; with commentaries by Cathy A. Malchiodi. aLondon :bJessica Kingsley Publishers,c2000. a116 p. aIncludes bibliographical references and index. aElectronic reproduction.bPalo Alto, Calif. :cebrary,d2013.nAvailable via World Wide Web.nAccess may be limited to ebrary affiliated libraries. 0aArt therapyvProblems, exercises, etc. 7aElectronic books.2local1 aMalchiodi, Cathy A.2 aebrary, Inc.40uhttp://site.ebrary.com/lib/rucke/Doc?id=5004047zAn electronic book accessible through the World Wide Web; click to view c289d289